000 00695nam a22002657a 4500
001 23281
003 UA-OsUOA
005 20220714111858.0
007 ta
008 20040116b un ||||| |||| 00| 0 ukr d
020 _a966-00-0050-2
040 _aUA-OsUOA
_bukr
_cUA-OsUOA
_dUA-OsUOA
041 _aukr
044 _aUA
080 _a519.1
090 _a519.1
_bВ52
100 _aВірченко Н. О.
245 _aГрафіки елементарних ті спеціальних функцій
_bдовідник
260 _aКиїв
_bНаукова думка
_c1996
300 _a582 с.
650 7 _2UDC
700 _aЛяшко І.І.
942 _cBK
_2udc
955 _a0
999 _c309526
_d309526